| 000 | 01244cab a22002535a 4500 | ||
|---|---|---|---|
| 001 | L138038 | ||
| 008 | 070514e20070503xxk f g 000 0 eng d | ||
| 035 | _a(Sirsi) u138038 | ||
| 041 | 0 | _aeng | |
| 100 | 1 | _aRobins, Jon | |
| 245 | 0 | 0 | _aDust cloud |
| 260 | _c2007 | ||
| 490 | 0 |
_aLaw Society's Gazette _v104(18) 3 May 2007, 22-24(3) |
|
| 520 | _aDiscusses the current situation with mesothelioma claims. Notes the impact of "Fairchild v Glenhaven" ([2001] EWCA Civ 1881, Abs65719) and the Compensation Act 2006, which provides that negligent employers should be jointly and severally liable so claimants can recover full compensation from any employer. Also looks at proposals to provide faster compensation to people diagnosed with mesothelioma, concern over plans to introduce a pre-action protocol, and the experiences of lawyers working for mesothelioma victims. | ||
| 590 | _aKA | ||
| 650 | 2 | 4 | _aMESOTHELIOMA |
| 650 | 2 | 4 | _aCOMPENSATION ACT 2006 |
| 650 | 2 | 4 | _aBARKER V SAINT GOBAIN PIPELINES PLC |
| 650 | 2 | 4 | _aSMITH V CENTRAL ASBESTOS CO LTD |
| 650 | 2 | 4 | _aFAIRCHILD V GLENHAVEN FUNERAL SERVICES LTD AND OTHERS |
| 651 | 4 |
_aUnited Kingdom _y |
|
| 690 | _aMANAGEMENT-HEALTH AND SAFETY-HAZARDOUS SUBSTANCES-ASBESTOS | ||
| 942 | _n0 | ||
| 999 |
_c78776 _d78776 |
||